000 00368nam a2200133Ia 4500
003 GCL
008 140319s9999 xx 000 0 ara d
040 _aGCL /
_cGCL
082 0 4 _a526.98
_bج م
245 1 0 _aالمساحة الطبوغرافية
260 _a[S.N] :
_bدار الفكر العربى
300 _a476 ص
490 _aالمرجع فى المساحة
_v0
999 _c59159
_d59159